000 00493nam a2200169Ia 4500
008 110201s9999 xx 000 0 und d
082 _bB1490
_aN 42
100 _aबोरकर कमलाकर
245 _aशिकारी
260 _bत्रिदल प्रकाशन
365 _b15
600 _aबोरकर कमलाकर
630 _aशिकारी
700 _aबोरकर कमलाकर
730 _aशिकारी
942 _cBOOK
999 _c828726
_d828723